[Event "Rodovremesterskabet Gruppe A 2006"]
[Site "Rodovre"]
[Date "2006.09.05"]
[Round "1"]
[White "Hansen, Rasmus Agertoft"]
[Black "Edoo, Niels"]
[Result "1-0"]
[WhiteElo "1889"]
[BlackElo "1843"]
[PlyCount "77"]
[EventDate "2006.??.??"]
[SourceDate "2005.11.09"]

1. d4 Nf6 2. Nf3 c5 3. d5 e6 4. c4 exd5 5. cxd5 d6 6. Nc3 g6 7. e4 Bg7 8. Be2
O-O 9. h3 Re8 10. Nd2 a6 11. a4 b6 12. O-O Bb7 13. Bd3 Nh5 14. Nc4 Qc7 15. g4
Nf6 16. Bf4 Bf8 17. Re1 Nbd7 18. Qb3 Rab8 19. Bh2 Ba8 20. Nd2 b5 21. axb5 Ne5
22. Bxe5 Rxe5 23. Rxa6 Nxd5 24. Nf3 Nb4 25. Rxa8 Rxa8 26. Nxe5 dxe5 27. Bc4 Kg7
28. Nd5 Nxd5 29. Bxd5 Rb8 30. Bc4 Rb6 31. Ra1 Qb7 32. f3 f5 33. gxf5 gxf5 34.
Ra6 fxe4 35. fxe4 Rxa6 36. bxa6 Qxe4 37. Qg3+ Kh6 38. a7 Be7 39. Qg2 1-0

[Event "Rodovremesterskabet Gruppe A 2006"]
[Site "Rodovre"]
[Date "2006.09.05"]
[Round "1"]
[White "Rubin, Jacob"]
[Black "Mortensen, Henrik"]
[Result "0-1"]
[WhiteElo "1767"]
[BlackElo "1951"]
[PlyCount "72"]
[EventDate "2006.??.??"]
[SourceDate "2005.11.09"]

1. Nf3 Nf6 2. d4 c5 3. Nc3 cxd4 4. Nxd4 d5 5. Nb3 e5 6. e3 Nc6 7. Bb5 a6 8.
Bxc6+ bxc6 9. O-O Bd6 10. Ne2 Bg4 11. Qe1 O-O 12. Ng3 h5 13. e4 h4 14. Nf5 Bxf5
15. exf5 Qd7 16. Bg5 Qxf5 17. Bxh4 g5 18. Bg3 Ne4 19. Nd4 exd4 20. Bxd6 Nxd6
21. f4 g4 22. Rd1 Rae8 23. Qh4 Re4 24. Qg3 Rfe8 25. h3 Re3 26. Qh4 gxh3 27. g4
h2+ 28. Kxh2 Qh7 29. Qxh7+ Kxh7 30. Rh1 Kg7 31. Rxd4 Re2+ 32. Kg3 R8e3+ 33. Kh4
Rxc2 34. Ra4 Re8 35. Rf1 Ne4 36. g5 Rg2 0-1

[Event "Rodovremesterskabet Gruppe A 2006"]
[Site "Rodovre"]
[Date "2006.09.05"]
[Round "1"]
[White "Hardarson, Gisli"]
[Black "Smidt, Johnny"]
[Result "0-1"]
[WhiteElo "1693"]
[BlackElo "1736"]
[PlyCount "104"]
[EventDate "2006.??.??"]
[SourceDate "2005.11.09"]

1. e4 c5 2. Nf3 Nc6 3. d4 cxd4 4. Nxd4 Nf6 5. Nc3 g6 6. Be3 Bg7 7. Be2 d6 8.
O-O Bd7 9. g4 h6 10. a4 Rc8 11. Nxc6 Bxc6 12. f3 a6 13. a5 O-O 14. Qd2 Kh7 15.
g5 hxg5 16. Bxg5 Rh8 17. Bc4 Kg8 18. Bb3 Qd7 19. h4 Qc7 20. Na4 Nh7 21. Be3 Nf6
22. Bg5 Rd8 23. Rad1 Bb5 24. Rf2 Nh5 25. Nb6 Bc6 26. c3 Nf6 27. e5 Nh5 28. Bf4
d5 29. e6 Be5 30. exf7+ Kf8 31. Bh6+ Bg7 32. Rg2 Qd6 33. Bxg7+ Kxg7 34. Bc2 Nf6
35. Qg5 Rh6 36. h5 Ne4 37. Qf5 g5 38. Rxg5+ Nxg5 39. Qxg5+ Kh8 40. Nc4 Qf6 41.
f4 Qxg5+ 42. fxg5 Rxh5 43. g6 Kg7 44. Ne3 e6 45. Kf2 Rdh8 46. Rg1 Rh2+ 47. Ke1
R8h3 48. Ng2 e5 49. Rf1 Rh8 50. Ne3 Bd7 51. Nf5+ Bxf5 52. Bxf5 Rxb2 0-1

[Event "Rodovremesterskabet Gruppe A 2006"]
[Site "Rodovre"]
[Date "2006.10.05"]
[Round "1"]
[White "Hojgaard, Knud"]
[Black "Pedersen, Rune Linneboe"]
[Result "0-1"]
[WhiteElo "1822"]
[BlackElo "1985"]
[PlyCount "110"]
[EventDate "2006.??.??"]
[SourceDate "2005.11.09"]

1. d4 Nf6 2. c4 e6 3. Nc3 Bb4 4. Bd2 d5 5. e3 O-O 6. Nf3 b6 7. cxd5 exd5 8. Be2
Bb7 9. O-O Nbd7 10. a3 Bd6 11. Rc1 a6 12. Bd3 Qe7 13. Qe2 Ne4 14. Bb1 f5 15. g3
Ndf6 16. Kg2 Rae8 17. Bd3 g5 18. Be1 b5 19. Nd2 Bc8 20. Nd1 f4 21. f3 Nxd2 22.
Bxd2 g4 23. gxf4 Bxf4 24. exf4 Qxe2+ 25. Bxe2 Rxe2+ 26. Rf2 gxf3+ 27. Kxf3 Bg4+
28. Kg2 Ne4 29. Rxe2 Bxe2 30. Be3 Bxd1 31. Rxd1 Rf6 32. Rc1 c6 33. Rc2 Kf7 34.
Kf3 Kg6 35. Rg2+ Kf5 36. Rg7 Rh6 37. Rg2 Rg6 38. Rc2 h5 39. Re2 Nd6 40. Bc1 Re6
41. Rc2 Re1 42. Rxc6 Nc4 43. b3 Rxc1 44. bxc4 Rc3+ 45. Kf2 bxc4 46. Rxa6 Ke4
47. a4 Rf3+ 48. Kg2 Rxf4 49. Rh6 c3 50. Rc6 Kd3 51. a5 Rxd4 52. Rc5 Rg4+ 53.
Kf3 d4 54. Rxh5 c2 55. Rc5 Rg5 0-1

[Event "Rodovremesterskabet Gruppe A 2006"]
[Site "Rodovre"]
[Date "2006.09.12"]
[Round "2"]
[White "Hansen, Rasmus Agertoft"]
[Black "Hardarson, Gisli"]
[Result "1-0"]
[WhiteElo "1889"]
[BlackElo "1693"]
[PlyCount "77"]
[EventDate "2006.??.??"]
[SourceDate "2005.11.09"]

1. d4 Nf6 2. Nf3 d5 3. c4 c6 4. Nc3 Bf5 5. e3 Nbd7 6. cxd5 cxd5 7. Qb3 Qa5 8.
Bd2 e6 9. Bb5 a6 10. Nxd5 Qxd2+ 11. Nxd2 exd5 12. Bxd7+ Bxd7 13. Qxb7 Rc8 14.
O-O Bd6 15. Qxa6 Rc6 16. Qd3 O-O 17. Rfc1 Rb6 18. b3 Bb5 19. Qf5 g6 20. Qf3 Ba3
21. Rc5 Bxc5 22. dxc5 Re6 23. b4 Kg7 24. a4 Ra8 25. Qd1 Rea6 26. a5 Re8 27. Nf3
Rb8 28. Nd4 Bc4 29. Qa4 Ne4 30. f3 Nc3 31. Qa3 Nb5 32. Nxb5 Bxb5 33. Qc3+ f6
34. Rc1 Rc6 35. Qd4 Rd8 36. e4 Bc4 37. Rxc4 dxc4 38. Qxd8 c3 39. Qd3 1-0

[Event "Rodovremesterskabet Gruppe A 2006"]
[Site "Rodovre"]
[Date "2006.09.12"]
[Round "2"]
[White "Pedersen, Rune Linneboe"]
[Black "Rubin, Jacob"]
[Result "0-1"]
[WhiteElo "1985"]
[BlackElo "1767"]
[PlyCount "120"]
[EventDate "2006.??.??"]
[SourceDate "2005.11.09"]

1. e4 e5 2. Nf3 Nc6 3. Nc3 d6 4. g3 Nf6 5. Bg2 Be7 6. h3 Be6 7. Ng5 Bd7 8. O-O
h6 9. Nf3 Qc8 10. Kh2 Be6 11. d4 exd4 12. Nxd4 Bd7 13. f4 Nxd4 14. Qxd4 c5 15.
Qd3 Qc7 16. Nb5 Bxb5 17. Qxb5+ Nd7 18. e5 dxe5 19. Qxb7 Rc8 20. Qd5 O-O 21. Be3
Bf6 22. Rad1 Nb6 23. Qe4 Rfe8 24. f5 Qe7 25. b3 Rcd8 26. c4 Qc7 27. Qc6 Rc8 28.
Qxc7 Rxc7 29. h4 Nd7 30. Rd5 Be7 31. Rxd7 Rxd7 32. Bc6 Red8 33. Bxd7 Rxd7 34.
Kg2 Kf8 35. Kf3 a5 36. Ke4 f6 37. Rf2 Ke8 38. Rd2 Ra7 39. Kd5 Rc7 40. g4 Kf7
41. Ke4 Ke8 42. Rd5 Kf7 43. Kd3 Ke8 44. Kc3 Rd7 45. Kb2 Kd8 46. Bd2 Rxd5 47.
Bxa5+ Kd7 48. cxd5 Kd6 49. b4 Kxd5 50. b5 e4 51. Bc3 Bd6 52. Kc2 Kc4 53. a4 e3
54. Be1 Bc7 55. Kd1 Kd3 56. a5 Bf4 57. Kc1 e2+ 58. Kb2 Bd2 59. Bf2 Bxa5 60. Kb3
e1=Q 0-1

[Event "Rodovremesterskabet Gruppe A 2006"]
[Site "Rodovre"]
[Date "2006.09.12"]
[Round "2"]
[White "Smidt, Johnny"]
[Black "Hojgaard, Knud"]
[Result "0-1"]
[WhiteElo "1736"]
[BlackElo "1822"]
[PlyCount "114"]
[EventDate "2006.??.??"]
[SourceDate "2005.11.09"]

1. e4 e6 2. d4 d5 3. Nd2 Nf6 4. e5 Nfd7 5. Bd3 c5 6. c3 Nc6 7. Ne2 cxd4 8. cxd4
f6 9. exf6 Nxf6 10. Nf3 Bd6 11. O-O Qc7 12. Nc3 a6 13. Re1 O-O 14. h3 Bd7 15.
Ng5 Rae8 16. Nf3 Re7 17. Bg5 Be8 18. Bh4 h6 19. Bxf6 Rxf6 20. Rc1 Qb6 21. a3
Bf4 22. Ra1 Bh5 23. Be2 Qa7 24. g4 Bg6 25. Kg2 Bd6 26. Rf1 Rf4 27. Bd3 Bxd3 28.
Qxd3 Nxd4 29. Nh4 Ref7 30. Rad1 Nc6 31. Qe2 R7f6 32. Rd3 b5 33. Nf3 Qf7 34. Re3
d4 35. Rd3 Rxf3 36. Rxf3 Rxf3 37. Qxf3 Qxf3+ 38. Kxf3 dxc3 39. bxc3 Bxa3 40.
Ra1 Ne5+ 41. Ke4 Nc4 42. Rd1 Bb2 43. Rd8+ Kf7 44. Kd3 a5 45. Kc2 Ba3 46. Rc8 a4
47. Rb8 Be7 48. Kb1 Kf6 49. Kc2 Nd6 50. Kd3 e5 51. f3 Ke6 52. Ra8 Kd5 53. Ra6
e4+ 54. fxe4+ Nxe4 55. Rb6 Nc5+ 56. Ke3 Kc4 57. Rg6 Bf6 0-1

[Event "Rodovremesterskabet Gruppe A 2006"]
[Site "Rodovre"]
[Date "2006.09.12"]
[Round "2"]
[White "Edoo, Niels"]
[Black "Mortensen, Henrik"]
[Result "1/2-1/2"]
[WhiteElo "1843"]
[BlackElo "1951"]
[PlyCount "121"]
[EventDate "2006.??.??"]
[SourceDate "2005.11.09"]

1. d4 d5 2. c4 e6 3. Nc3 f5 4. Nf3 c6 5. g3 Nf6 6. Bg2 Be7 7. O-O O-O 8. b3 Ne4
9. Nxe4 fxe4 10. Ne5 Nd7 11. f4 exf3 12. exf3 Nxe5 13. dxe5 dxc4 14. bxc4 Bc5+
15. Kh1 Bd4 16. Bg5 Qxg5 17. Qxd4 Rd8 18. Qc5 Rd2 19. Rad1 Qd8 20. Qg1 Rd7 21.
Rxd7 Bxd7 22. Rd1 Qc7 23. Qd4 Be8 24. Bh3 Bf7 25. f4 Kf8 26. Qc5+ Qe7 27. Rd6
Kg8 28. Rxc6 Qxc5 29. Rxc5 Rd8 30. Rc7 Kf8 31. Rxb7 Rd1+ 32. Kg2 Rd2+ 33. Kg1
Rxa2 34. c5 Rc2 35. Rb8+ Ke7 36. Rb7+ Kf8 37. Rxa7 Rxc5 38. Ra2 g5 39. Rf2 gxf4
40. gxf4 Ke7 41. Kg2 Bg6 42. Kg3 Rc3+ 43. Kh4 Rc2 44. Rxc2 Bxc2 45. Kg5 Kf7 46.
Kh6 Bd3 47. Bg4 Bc2 48. h4 Bd3 49. Bh5+ Ke7 50. Bg4 Bg6 51. h5 Bd3 52. Kg5 Kf7
53. h6 Bc2 54. f5 exf5 55. Bxf5 Bxf5 56. Kxf5 Ke7 57. e6 Ke8 58. Kf6 Kf8 59.
Kf5 Ke7 60. Ke5 Ke8 61. -- 1/2-1/2

[Event "Rodovremesterskabet Gruppe A 2006"]
[Site "Rodovre"]
[Date "2006.09.19"]
[Round "3"]
[White "Hojgaard, Knud"]
[Black "Hansen, Rasmus Agertoft"]
[Result "0-1"]
[WhiteElo "1822"]
[BlackElo "1889"]
[PlyCount "178"]
[EventDate "2006.??.??"]
[SourceDate "2005.11.09"]

1. d4 Nf6 2. c4 g6 3. Nc3 Bg7 4. e4 d6 5. f4 O-O 6. Nf3 c5 7. Be2 cxd4 8. Nxd4
Nc6 9. Be3 Nxd4 10. Bxd4 Qc7 11. O-O a6 12. Rc1 e5 13. fxe5 dxe5 14. Be3 Rd8
15. Qc2 Be6 16. b3 Rac8 17. Qb1 Qe7 18. Nd5 Bxd5 19. cxd5 Qb4 20. Bf3 Rc3 21.
Rxc3 Qxc3 22. Re1 Bf8 23. Bg5 Bc5+ 24. Kh1 Rd6 25. Rc1 Qa5 26. Qc2 b6 27. h3
Kg7 28. a4 Ba3 29. Bd2 Qc5 30. Qxc5 Bxc5 31. Bc3 Nd7 32. b4 Be3 33. Rc2 Kf8 34.
Bb2 f6 35. Bc1 Bxc1 36. Rxc1 f5 37. Rc8+ Ke7 38. Rh8 Nf6 39. exf5 gxf5 40. Be2
Rxd5 41. Bxa6 Rd4 42. Bb5 Rxb4 43. Rb8 Nd5 44. Rb7+ Kd6 45. Rxh7 e4 46. Kg1 e3
47. Kf1 Nc3 48. Bd3 Rxa4 49. g4 fxg4 50. hxg4 Rxg4 51. Rh6+ Kc5 52. Rh5+ Kd4
53. Be2 Nxe2 54. Kxe2 Rg2+ 55. Kf1 Rb2 56. Rh8 b5 57. Rd8+ Kc3 58. Rc8+ Kb3 59.
Re8 e2+ 60. Ke1 b4 61. Rb8 Ka2 62. Ra8+ Kb1 63. Rb8 b3 64. Rb7 Kc1 65. Rb6 Kb1
66. Rb8 Ka1 67. Rb7 Kb1 68. Rb8 Kc2 69. Rc8+ Kd3 70. Rd8+ Kc4 71. Rc8+ Kb5 72.
Rb8+ Ka5 73. Ra8+ Kb6 74. Rb8+ Ka6 75. Rb4 Ka5 76. Rb8 Rb1+ 77. Kxe2 Ka4 78.
Ra8+ Kb4 79. Kd2 Rg1 80. Rb8+ Ka3 81. Ra8+ Kb2 82. Ra7 Rg6 83. Rd7 Rc6 84. Rd8
Kb1 85. Rd7 b2 86. Rd8 Rc2+ 87. Kd1 Rc3 88. Rd7 Ka2 89. Ra7+ Ra3 0-1

[Event "Rodovremesterskabet Gruppe A 2006"]
[Site "Rodovre"]
[Date "2006.09.19"]
[Round "3"]
[White "Mortensen, Henrik"]
[Black "Pedersen, Rune Linneboe"]
[Result "1/2-1/2"]
[WhiteElo "1951"]
[BlackElo "1985"]
[PlyCount "101"]
[EventDate "2006.??.??"]
[SourceDate "2005.11.09"]

1. e4 c5 2. Ne2 Nc6 3. d4 cxd4 4. Nxd4 g6 5. c4 Bg7 6. Be3 Nf6 7. Nc3 Ng4 8.
Qxg4 Nxd4 9. Qd1 Ne6 10. Rc1 Qa5 11. Bd3 b6 12. O-O g5 13. Nd5 Bxb2 14. Rb1 Be5
15. Rb4 Bd4 16. Rb5 Qa3 17. Bxd4 Nxd4 18. Nc7+ Kd8 19. Nxa8 Nxb5 20. cxb5 Bb7
21. Qa1 Rg8 22. Nxb6 axb6 23. Qd4 Qd6 24. Qxd6 exd6 25. f3 Ke7 26. Rc1 Rc8 27.
Rxc8 Bxc8 28. Kf2 Bb7 29. Ke3 d5 30. Kd4 dxe4 31. fxe4 d5 32. e5 h5 33. Bf5 Kd8
34. g3 h4 35. Bg4 Ke7 36. Bh3 Ba8 37. Bc8 hxg3 38. hxg3 Kd8 39. Bg4 Ke7 40. a4
Bb7 41. Bh3 Ba8 42. Bc8 Kd8 43. Bg4 Ke7 44. Bh3 Bb7 45. Bg2 Ke6 46. Bf3 Ba8 47.
Bg4+ Ke7 48. Bf5 Bb7 49. Bc2 Ke6 50. Bb3 Ba8 51. Bc2 1/2-1/2

[Event "Rodovremesterskabet Gruppe A 2006"]
[Site "Rodovre"]
[Date "2006.09.28"]
[Round "3"]
[White "Hardarson, Gisli"]
[Black "Edoo, Niels"]
[Result "1-0"]
[WhiteElo "1693"]
[BlackElo "1843"]
[PlyCount "40"]
[EventDate "2006.??.??"]
[SourceDate "2005.11.09"]

1. e4 c5 2. Nf3 d6 3. d4 cxd4 4. Nxd4 Nf6 5. Nc3 a6 6. Bg5 e6 7. f4 Be7 8. Qf3
Qc7 9. O-O-O Nbd7 10. Bd3 h6 11. Bh4 b5 12. Rhe1 Bb7 13. a3 Nc5 14. Kb1 Nfxe4
15. Qh3 Nxc3+ 16. bxc3 Na4 17. Rxe6 fxe6 18. Bg6+ Kd8 19. Nxe6+ Kd7 20. Nxc7+
Kxc7 1-0

[Event "Rodovremesterskabet Gruppe A 2006"]
[Site "Rodovre"]
[Date "2006.09.26"]
[Round "4"]
[White "Edoo, Niels"]
[Black "Pedersen, Rune Linneboe"]
[Result "1/2-1/2"]
[WhiteElo "1843"]
[BlackElo "1985"]
[PlyCount "106"]
[EventDate "2006.??.??"]
[SourceDate "2005.11.09"]

1. e4 c5 2. Nf3 Nc6 3. d4 cxd4 4. Nxd4 g6 5. Be2 Bg7 6. Be3 Nf6 7. Nc3 O-O 8.
Nxc6 bxc6 9. e5 Nd5 10. Nxd5 cxd5 11. Qxd5 Rb8 12. O-O-O Bb7 13. Qxd7 Qa5 14.
Bc4 Qxe5 15. c3 Bxg2 16. Rhe1 Bf3 17. Rd3 Be4 18. Bd2 Qf5 19. Qxf5 Bxf5 20. Rd5
Rfc8 21. Bb3 Be6 22. Ra5 Bxb3 23. axb3 Rxb3 24. Rxa7 Rcb8 25. Rexe7 Rxb2 26.
Rxf7 Rb1+ 27. Kc2 R1b2+ 28. Kd1 Be5 29. Rxh7 Rd8 30. Rhd7 Rxd7 31. Rxd7 Bxh2
32. Kc1 Ra2 33. Kb1 Ra6 34. Kc2 Kf8 35. Be3 Ke8 36. Rd5 Rd6 37. Rb5 Kd7 38. c4
Rf6 39. Rb7+ Kc8 40. Rb6 Rxb6 41. Bxb6 Kb7 42. Bd4 Kc6 43. Kd3 Bd6 44. Ke4 Bf8
45. Be3 Bd6 46. Kf3 Be7 47. Kg4 Bf6 48. f3 Be7 49. Bd4 Kd7 50. Kf4 Ke6 51. Ke4
Kd6 52. Be3 Bf6 53. Kf4 Be7 1/2-1/2

[Event "Rodovremesterskabet Gruppe A 2006"]
[Site "Rodovre"]
[Date "2006.09.26"]
[Round "4"]
[White "Hansen, Rasmus Agertoft"]
[Black "Rubin, Jacob"]
[Result "1/2-1/2"]
[WhiteElo "1889"]
[BlackElo "1767"]
[PlyCount "121"]
[EventDate "2006.??.??"]
[SourceDate "2005.11.09"]

1. d4 d5 2. Nf3 Nf6 3. c4 e6 4. Bg5 h6 5. Bxf6 Qxf6 6. Nc3 c6 7. e3 b6 8. Qa4
dxc4 9. Qxc4 Ba6 10. Qa4 Bxf1 11. Kxf1 b5 12. Qc2 Bd6 13. Ne4 Qe7 14. Nxd6+
Qxd6 15. Ne5 O-O 16. Rc1 Rc8 17. Qc5 Qd8 18. Ke2 a5 19. a3 Qe8 20. Qc2 Ra7 21.
h4 Rac7 22. Qd2 a4 23. g4 Nd7 24. Nxd7 Rxd7 25. Rc5 Rd5 26. Rhc1 Rxc5 27. Rxc5
Qd7 28. g5 h5 29. Qc2 g6 30. Qc3 Rc7 31. f4 Qd6 32. Kf3 Qd7 33. e4 Qc8 34. Re5
Qd7 35. Qc5 Rc8 36. f5 exf5 37. exf5 Rf8 38. Re7 Qxf5+ 39. Qxf5 gxf5 40. Rc7
Rd8 41. Ke3 Rd6 42. d5 Rxd5 43. Rxc6 Re5+ 44. Kf3 Re4 45. Rc5 Rxh4 46. Rxb5 Kf8
47. Rxf5 Rh3+ 48. Ke4 Kg7 49. Ra5 Kg6 50. Kf4 Rh4+ 51. Kg3 Rg4+ 52. Kh3 Rc4 53.
Kg3 Rd4 54. Kh3 Re4 55. Kg3 h4+ 56. Kh3 Kh5 57. Rb5 Re3+ 58. Kh2 Re2+ 59. Kh3
Re3+ 60. Kh2 Re2+ 61. Kh3 1/2-1/2

[Event "Rodovremesterskabet Gruppe A 2006"]
[Site "Rodovre"]
[Date "2006.09.26"]
[Round "4"]
[White "Hardarson, Gisli"]
[Black "Hojgaard, Knud"]
[Result "0-1"]
[WhiteElo "1693"]
[BlackElo "1822"]
[PlyCount "88"]
[EventDate "2006.??.??"]
[SourceDate "2005.11.09"]

1. e4 e6 2. Qe2 c5 3. f4 Nc6 4. Nf3 Nge7 5. g3 g6 6. Bg2 Bg7 7. c3 d5 8. d3 a6
9. a4 Rb8 10. Na3 Na5 11. Nd2 Bd7 12. exd5 exd5 13. O-O O-O 14. Nc2 Re8 15. Qf2
Bf5 16. Ne1 Qd6 17. Ra3 d4 18. Ne4 Qb6 19. c4 Nc8 20. Bf3 Nxc4 21. b3 Nxa3 22.
Bxa3 Bf8 23. Qc2 Rxe4 24. Bxe4 Be6 25. b4 cxb4 26. Bb2 Nd6 27. Nf3 Nxe4 28.
dxe4 d3+ 29. Qf2 Qxf2+ 30. Kxf2 a5 31. Ke3 Bb3 32. Kxd3 Bxa4 33. Rc1 Bb5+ 34.
Ke3 a4 35. Nd4 Ba6 36. e5 Rd8 37. Rc7 b3 38. e6 fxe6 39. Nxe6 Re8 40. f5 gxf5
41. Kf4 Rxe6 42. Kxf5 Rc6 43. Rd7 a3 44. Be5 b2 0-1

[Event "Rodovremesterskabet Gruppe A 2006"]
[Site "Rodovre"]
[Date "2006.09.26"]
[Round "4"]
[White "Smidt, Johnny"]
[Black "Mortensen, Henrik"]
[Result "0-1"]
[WhiteElo "1736"]
[BlackElo "1951"]
[PlyCount "84"]
[EventDate "2006.??.??"]
[SourceDate "2005.11.09"]

1. e4 d5 2. exd5 Qxd5 3. Nc3 Qd6 4. Nf3 Nf6 5. d4 a6 6. a3 e6 7. g3 b5 8. Bg2
Bb7 9. O-O c5 10. Bf4 Qd8 11. Bg5 Be7 12. dxc5 Qxd1 13. Raxd1 Bxc5 14. Bxf6
gxf6 15. Rfe1 Be7 16. Ne4 Nd7 17. Nd6+ Bxd6 18. Rxd6 Ke7 19. Rd2 Nb6 20. b3
Rhd8 21. Red1 Rxd2 22. Rxd2 Rc8 23. Nd4 Bxg2 24. Kxg2 Nd5 25. Ne2 Nc3 26. Nxc3
Rxc3 27. Kf1 a5 28. Ke1 a4 29. bxa4 bxa4 30. Kd1 Rxa3 31. Kc1 e5 32. Kb2 Rf3
33. c4 Rb3+ 34. Kc2 Rb7 35. Kc3 Rb3+ 36. Kc2 h5 37. Rd3 Rxd3 38. Kxd3 Kd6 39.
Kc2 Kc5 40. Kc3 a3 41. Kb3 a2 42. Kxa2 Kxc4 0-1

[Event "Rodovremesterskabet Gruppe A 2006"]
[Site "Rodovre"]
[Date "2006.10.03"]
[Round "5"]
[White "Hojgaard, Knud"]
[Black "Edoo, Niels"]
[Result "1-0"]
[WhiteElo "1822"]
[BlackElo "1843"]
[PlyCount "57"]
[EventDate "2006.??.??"]
[SourceDate "2005.11.09"]

1. d4 Nf6 2. c4 e6 3. Nc3 d5 4. cxd5 exd5 5. Bg5 Be7 6. e3 c6 7. Qc2 h6 8. Bh4
Ne4 9. Bxe7 Qxe7 10. Nxd5 cxd5 11. Qxc8+ Qd8 12. Bb5+ Ke7 13. Qxb7+ Nd7 14.
Qxd7+ Qxd7 15. Bxd7 Kxd7 16. Nf3 Rhc8 17. O-O Rc2 18. b3 Rac8 19. Ne5+ Ke6 20.
Nd3 R8c3 21. Nb4 Re2 22. Rae1 Rb2 23. Rb1 Re2 24. Rbc1 a5 25. Rxc3 Nxc3 26. Nd3
Rxa2 27. g3 Ne4 28. f3 Rd2 29. Nf4+ 1-0

[Event "Rodovremesterskabet Gruppe A 2006"]
[Site "Rodovre"]
[Date "2006.10.03"]
[Round "5"]
[White "Rubin, Jacob"]
[Black "Hardarson, Gisli"]
[Result "1/2-1/2"]
[WhiteElo "1767"]
[BlackElo "1693"]
[PlyCount "37"]
[EventDate "2006.??.??"]
[SourceDate "2005.11.09"]

1. Nf3 Nf6 2. d4 c5 3. dxc5 e6 4. e3 Bxc5 5. c3 O-O 6. Bd3 d5 7. Nbd2 Nc6 8.
O-O Re8 9. Nd4 e5 10. Nxc6 bxc6 11. b4 Bb6 12. e4 Bg4 13. Qc2 Qd7 14. h3 Bxh3
15. gxh3 Qxh3 16. Be2 Qg3+ 17. Kh1 Qh3+ 18. Kg1 Qg3+ 19. Kh1 1/2-1/2

[Event "Rodovremesterskabet Gruppe A 2006"]
[Site "Rodovre"]
[Date "2006.10.03"]
[Round "5"]
[White "Mortensen, Henrik"]
[Black "Hansen, Rasmus Agertoft"]
[Result "1/2-1/2"]
[WhiteElo "1951"]
[BlackElo "1889"]
[PlyCount "74"]
[EventDate "2006.??.??"]
[SourceDate "2005.11.09"]

1. d4 Nf6 2. Nf3 d5 3. e3 e6 4. Bd3 Nbd7 5. Nbd2 Bd6 6. O-O O-O 7. Re1 c5 8. c3
Re8 9. e4 dxe4 10. Nxe4 Nxe4 11. Rxe4 g6 12. Bh6 b6 13. Bb5 Bb7 14. Re3 Re7 15.
Bg5 f6 16. Bh4 Bf4 17. Re1 g5 18. Bg3 Bxg3 19. hxg3 Kh8 20. Qa4 cxd4 21. Qxd4
e5 22. Qd6 a6 23. Ba4 b5 24. Bc2 Qf8 25. Rad1 Rg7 26. Bf5 Nc5 27. Qxf8+ Rxf8
28. Rd6 Na4 29. Re2 Rc7 30. Red2 Kg7 31. Kf1 Nc5 32. Ke2 Rff7 33. Ke3 Rfe7 34.
Rd1 Na4 35. R1d2 Nc5 36. Rd1 Na4 37. R1d2 Nc5 1/2-1/2

[Event "Rodovremesterskabet Gruppe A 2006"]
[Site "Rodovre"]
[Date "2006.10.03"]
[Round "5"]
[White "Pedersen, Rune Linneboe"]
[Black "Smidt, Johnny"]
[Result "1-0"]
[WhiteElo "1985"]
[BlackElo "1736"]
[PlyCount "95"]
[EventDate "2006.??.??"]
[SourceDate "2005.11.09"]

1. e4 c5 2. Nf3 Nc6 3. d4 cxd4 4. Nxd4 Nf6 5. Nc3 d6 6. Bg5 Qa5 7. Bxf6 gxf6 8.
Nb3 Qd8 9. Be2 Bd7 10. f4 Rc8 11. Bh5 Be6 12. Nd4 Nxd4 13. Qxd4 Qa5 14. f5 Bc4
15. Be2 Bxe2 16. Kxe2 Bg7 17. Rad1 O-O 18. Qd5 Qa6+ 19. Qd3 Qa5 20. Nd5 Rfe8
21. Qb3 Qa6+ 22. Kf3 e6 23. Ne3 Qc6 24. Qd3 Rcd8 25. c4 Bh6 26. Ng4 Bg7 27.
fxe6 fxe6 28. Kg3 Qc5 29. Rhf1 Rf8 30. b3 h5 31. Ne3 Qe5+ 32. Kh3 Bh6 33. Nc2
Kf7 34. g3 Rh8 35. Qd4 Qg5 36. Qxa7 Qg4+ 37. Kg2 Qxe4+ 38. Kg1 Rd7 39. Qf2 Qg6
40. Nd4 h4 41. Rfe1 Rg8 42. Qf3 hxg3 43. hxg3 e5 44. Nf5 Bf8 45. Qd5+ Ke8 46.
Qe6+ Be7 47. Rxd6 Rxd6 48. Qxe7# 1-0

[Event "Rodovremesterskabet Gruppe A 2006"]
[Site "Rodovre"]
[Date "2006.10.10"]
[Round "6"]
[White "Hardarson, Gisli"]
[Black "Mortensen, Henrik"]
[Result "0-1"]
[WhiteElo "1693"]
[BlackElo "1951"]
[PlyCount "64"]
[EventDate "2006.??.??"]
[SourceDate "2005.11.09"]

1. e4 c5 2. Nf3 Nc6 3. c3 e5 4. Bc4 d6 5. O-O h6 6. h3 Nf6 7. Re1 Be7 8. d3 O-O
9. Be3 a6 10. a4 Rb8 11. Nbd2 d5 12. exd5 Nxd5 13. d4 cxd4 14. cxd4 Nxe3 15.
fxe3 exd4 16. e4 b5 17. axb5 axb5 18. Bd5 Nb4 19. Qb3 Nxd5 20. exd5 Bb7 21.
Nxd4 Bxd5 22. Qd3 Bc5 23. Kh2 Bc4 24. Nxc4 bxc4 25. Qf5 Qxd4 26. Rad1 Qf2 27.
Rf1 Qxf5 28. Rxf5 Be7 29. Rd7 Bf6 30. Rc7 Rfc8 31. Rfc5 Rxc7 32. Rxc7 Be5+ 0-1

[Event "Rodovremesterskabet Gruppe A 2006"]
[Site "Rodovre"]
[Date "2006.10.10"]
[Round "6"]
[White "Hansen, Rasmus Agertoft"]
[Black "Pedersen, Rune Linneboe"]
[Result "1-0"]
[WhiteElo "1889"]
[BlackElo "1985"]
[PlyCount "121"]
[EventDate "2006.??.??"]
[SourceDate "2005.11.09"]

1. d4 Nf6 2. Nf3 e6 3. g3 c5 4. Bg2 Nc6 5. O-O d5 6. Bg5 cxd4 7. Nxd4 Qb6 8.
Nb3 Be7 9. N1d2 Bd7 10. c4 O-O 11. Rc1 Rfc8 12. Bxf6 Bxf6 13. cxd5 exd5 14.
Bxd5 Bh3 15. Bg2 Bxg2 16. Kxg2 Na5 17. Rxc8+ Rxc8 18. Qb1 Nxb3 19. Nxb3 g6 20.
Rc1 Rxc1 21. Qxc1 a5 22. Qc5 Qe6 23. Qc2 a4 24. Nc1 h5 25. h4 Qg4 26. f3 Qd4
27. Nd3 Qe3 28. Nf4 Bd4 29. Nh3 Kg7 30. b3 axb3 31. axb3 Kf6 32. Kf1 b6 33.
Qc6+ Kg7 34. Qd5 Qc1+ 35. Kg2 Qe3 36. Qe4 Qxe4 37. fxe4 Kf6 38. Kf3 Ke7 39. e3
Be5 40. Nf4 Kd6 41. Ke2 Kc6 42. Kd3 Kb5 43. Kc2 f6 44. Nxg6 Bxg3 45. Nf4 Bxh4
46. Nxh5 Kb4 47. Nf4 Ka3 48. Nd5 b5 49. Nc3 b4 50. Na4 Bg5 51. Nb6 Ka2 52. Nc4
Bh6 53. Nb6 Bg5 54. Nd5 Ka3 55. Nf4 Bh6 56. Nd5 Bg5 57. Nb6 Ka2 58. Nd7 Ka3 59.
e5 fxe5 60. Nxe5 Ka2 61. e4 1-0

[Event "Rodovremesterskabet Gruppe A 2006"]
[Site "Rodovre"]
[Date "2006.??.??"]
[Round "6"]
[White "Hojgaard, Knud"]
[Black "Rubin, Jacob"]
[Result "1-0"]
[WhiteElo "1822"]
[BlackElo "1767"]
[PlyCount "84"]
[EventDate "2006.??.??"]
[SourceDate "2005.11.09"]

1. d4 d5 2. c4 e6 3. Nc3 Nf6 4. cxd5 exd5 5. Bg5 Be7 6. e3 c6 7. Qc2 h6 8. Bh4
Be6 9. Bd3 Nh5 10. Bxe7 Qxe7 11. Nge2 O-O 12. h3 Nf6 13. Qd2 Bd7 14. O-O Ne4
15. Nxe4 dxe4 16. Bc4 Be6 17. b3 b5 18. Bxe6 Qxe6 19. Rac1 Nd7 20. Rfd1 Rfd8
21. d5 cxd5 22. Qxd5 Qe5 23. Qxe5 Nxe5 24. Ng3 Nd3 25. Rc7 f5 26. Nxf5 Rf8 27.
Ng3 Rf7 28. Rxf7 Kxf7 29. Nxe4 Nb4 30. Rd2 a6 31. a3 Nc6 32. Rd7+ Kf8 33. Nc5
Ne7 34. Rc7 Kf7 35. Kf1 Kf6 36. Ke2 a5 37. e4 Rc8 38. Rxc8 Nxc8 39. Ke3 Nb6 40.
Kd4 h5 41. h4 g6 42. f3 Nc8 1-0

[Event "Rodovremesterskabet Gruppe A 2006"]
[Site "Rodovre"]
[Date "2006.10.24"]
[Round "7"]
[White "Mortensen, Henrik"]
[Black "Hojgaard, Knud"]
[Result "1-0"]
[WhiteElo "1951"]
[BlackElo "1822"]
[PlyCount "81"]
[EventDate "2006.??.??"]
[SourceDate "2005.11.09"]

1. e4 e6 2. d4 d5 3. Nd2 Nf6 4. e5 Nfd7 5. c3 c5 6. f4 Nc6 7. Ndf3 cxd4 8. cxd4
Be7 9. Bd3 Qb6 10. Ne2 f6 11. a3 a5 12. Qc2 f5 13. O-O Nf8 14. Be3 Bd7 15. Nc3
Na7 16. Bxf5 Rc8 17. Bd3 Qd8 18. Qe2 g6 19. Rac1 Bc6 20. Nb5 Nxb5 21. Bxb5 Qb6
22. Bxc6+ bxc6 23. Rc2 Kf7 24. Ng5+ Kg7 25. Qg4 c5 26. dxc5 Bxc5 27. Bxc5 Rxc5
28. Rxc5 Qxc5+ 29. Kh1 Qc6 30. Qe2 Nd7 31. Qd2 Rc8 32. Qxa5 h6 33. Nf3 Rb8 34.
Qd2 Rc8 35. Nd4 Qc4 36. Rd1 Kf7 37. b4 Nb6 38. h3 Qa6 39. f5 gxf5 40. Qxh6 Ke8
41. Nxe6 1-0

[Event "Rodovremesterskabet Gruppe A 2006"]
[Site "Rodovre"]
[Date "2006.10.24"]
[Round "7"]
[White "Pedersen, Rune Linneboe"]
[Black "Hardarson, Gisli"]
[Result "0-1"]
[WhiteElo "1985"]
[BlackElo "1693"]
[PlyCount "40"]
[EventDate "2006.??.??"]
[SourceDate "2005.11.09"]

1. e4 c5 2. Nf3 Nc6 3. d4 cxd4 4. Nxd4 Nf6 5. Nc3 d6 6. Bg5 Qa5 7. Bxf6 gxf6 8.
Nb3 Qg5 9. Nd5 Rb8 10. g3 f5 11. f4 Qg6 12. e5 Bg7 13. Nd4 Bd7 14. Be2 h5 15.
Qd3 dxe5 16. Nc7+ Kf8 17. Nxc6 Qxc6 18. O-O-O Rd8 19. Qc4 Rh6 20. Rd2 Qxh1+ 0-1